Ready to die /

Uloženo v:
Podrobná bibliografie
Hlavní autor: Frederics, Jocko
Médium: Kniha
Jazyk:English
Vydáno: London : Hale, 1966.
LEADER 00733nam a2200217 a 4500
001 c000084854
003 CARM
005 00000000000000.0
008 920224s1966 enk 00011 eng d
019 1 |a 8766121  |5 LACONCORD2021 
020 |a 0709101724 
035 |a (OCoLC)221082885  |5 LACONCORD2021 
040 |a VLINC  |c VLINC 
100 1 |a Frederics, Jocko. 
245 1 0 |a Ready to die /  |c by Jocko Frederics. 
260 |a London :  |b Hale,  |c 1966. 
300 |a 190 p. ;  |c 20 cm. 
852 8 |b CARM  |h A2:AG25G0  |i A01357  |p 0117396  |f BK 
082 0 4 |a 813.54  |2 20 
999 f f |i be240c5e-e124-5dbd-a5b3-cbf2aa9acbeb  |s 702018b7-c6c9-55a0-8149-26573c65435a 
952 f f |p Can circulate  |a CAVAL  |b CAVAL  |c CAVAL  |d CARM 1 Store  |e A01357  |f A2:AG25G0  |h Other scheme  |i book  |m 0117396